000
nam a22 7a 4500
999
_c
47075
_d
47075
003
OSt
005
20190502140555.0
008
190502b xxu||||| |||| 00| 0 eng d
040
_c
IIMT COLLEGE OF LAW,GREATER NOIDA
100
_a
KANT,ANJANI
245
_a
BANKING LAW
260
_a
NEW DELHI
_b
C.L.A.
_c
2016
300
_a
443
942
_2
ddc
_c
02